| 000 | 01695nam a22001697a 4500 | ||
|---|---|---|---|
| 008 | 200123b xxu||||| |||| 00| 0 eng d | ||
| 020 | _a9780199228270 | ||
| 050 | _aKRX540.O34 | ||
| 100 | _aWebley, Lisa. | ||
| 245 |
_aPublic law: text cases and materials. / _cLisa Webley and Harriet Samuels. |
||
| 260 |
_aNew York : _bOxford University Press, _c2009. |
||
| 300 |
_axli, 740 p. : _c27 cm. |
||
| 500 | _aIncludes index. | ||
| 505 | _aContents: Introduction and constitutional principles: What is public law -- Constitutional organizations, institutions and roles -- The nature of the British constitution -- The rule of law -- The separation of powers -- The crown and royal prerogative -- Parliamentary supremacy: Parliamentary supremacy: the theory -- Membership of the European union -- Human rights -- Devolution -- Responsible government: Executive power and accountability -- The role of constitutional conventions -- The parliamentary commissioner for administration -- Judicial review: The role of the courts, judicial review and human rights -- The parties to judicial review: who can make a claim for judicial review and against whom can a claim for judicial review be made -- Illegality -- Irrationality and proportionality -- Procedural impropriety -- Remedies -- A case study: human rights, terrorism, and public law principles -- Judicial review: The role of the courts, judicial review, and Human Rights -- Public bodies and public authorities -- The relevance of standing -- Illegality -- Irrationality and proportionality -- Procedural impropriety -- Remedies -- Judicial review: putting it all together in problem answers. | ||
| 700 | _aSamuels, Harriet. | ||
| 942 |
_2lcc _cBK |
||
| 999 |
_c6995 _d14495 |
||